000 00423nam a2200169Ia 4500
003 GCL
008 140319s9999 xx 000 0 ara d
040 _aGCL /
_cGCL
082 0 4 _aد
_b050
100 1 _aاحمد زلط
245 1 0 _aالطفولة و الامية (اقرا 577 ) /
_cاحمد زلط
300 _a120
490 _aاقرأ
_v0
650 0 4 _aالطفولة
650 0 4 _aالامية
942 _2ddc
_cBK
999 _c49068
_d49068